000 00229nam a22000857a 4500
008 160720b xxu||||| |||| 00| 0 eng d
100 _93072
_aPhukan M
245 _aChumki posts a Letter
260 _aNew Delhi
_bChildren Book Trust
_c2011
999 _c2635
_d2635